Perrine's liteature : sturcture,sound and sense, 13/e

Saved in:
Bibliographic Details
Main Author: Arp,T.R & Johnson,G
Format: Book
Language:English
Tags: Add Tag
No Tags, Be the first to tag this record!
Call Number :

MARC

LEADER 00000nam a2200000 a 4500
001 88281
003 MY-KLNDU
005 20241219044435.0
008 210721 000 0 eng d
020 |a 9781305971035 
039 9 |y 202107211424  |z dewi 
040 |a UPNM  |b eng  |c UPNM  |e rda 
100 1 |a Arp,T.R & Johnson,G 
245 1 |a Perrine's liteature : sturcture,sound and sense, 13/e 
336 |a text  |2 rdacontent 
337 |a unmediated  |2 rdamedia 
338 |a volume  |2 rdacarrier 
999 |a vtls000100254  |c 88281  |d 88281